ARRUPE JESUIT UNIVERSITY

CORONAVIRUS -STOP THE SPREAD - CLEAN,DISINFECT,COVER

Development from below : (Record no. 129962)

MARC details
000 -LEADER
fixed length control field 01273nam a2200313 p 4500
001 - CONTROL NUMBER
control field 4131090
003 - CONTROL NUMBER IDENTIFIER
control field ARRUPE
005 - DATE AND TIME OF LATEST TRANSACTION
control field 20191112095916.0
008 - FIXED-LENGTH DATA ELEMENTS--GENERAL INFORMATION
fixed length control field 761129s1976 ne b 101 0 eng
010 ## - LIBRARY OF CONGRESS CONTROL NUMBER
LC control number 76379453
015 ## - NATIONAL BIBLIOGRAPHY NUMBER
National bibliography number Ne76-37
020 ## - INTERNATIONAL STANDARD BOOK NUMBER
International Standard Book Number 0202900371 (Aldine) :
Terms of availability fl 45.50
040 ## - CATALOGING SOURCE
Original cataloging agency DLC
Transcribing agency DLC
Modifying agency DLC
050 00 - LIBRARY OF CONGRESS CALL NUMBER
Classification number GN397.5
Item number .D48
082 00 - DEWEY DECIMAL CLASSIFICATION NUMBER
Classification number 309.2/12
300 ## - PHYSICAL DESCRIPTION
Dimensions 24 cm.
245 00 - TITLE STATEMENT
Title Development from below :
Remainder of title anthropologists and development situations /
Statement of responsibility, etc editor, David C. Pitt.
260 ## - PUBLICATION, DISTRIBUTION, ETC. (IMPRINT)
Place of publication, distribution, etc The Hague :
Name of publisher, distributor, etc Mouton ;
Place of publication, distribution, etc Chicago :
Name of publisher, distributor, etc distributed in the USA and Canada by Aldine,
Date of publication, distribution, etc [1976]
300 ## - PHYSICAL DESCRIPTION
Extent x, 277 p. ;
440 #0 - SERIES STATEMENT/ADDED ENTRY--TITLE
Title World anthropology
9 (RLIN) 48470
500 ## - GENERAL NOTE
General note Papers prepared for the 9th International Congress of Anthropological and Ethnological Sciences held in Chicago, 1973.
504 ## - BIBLIOGRAPHY, ETC. NOTE
Bibliography, etc Includes bibliographies and indexes.
650 #0 - SUBJECT ADDED ENTRY--TOPICAL TERM
Topical term or geographic name as entry element Applied anthropology
General subdivision Congresses.
9 (RLIN) 48489
650 #0 - SUBJECT ADDED ENTRY--TOPICAL TERM
Topical term or geographic name as entry element Economic development
General subdivision Social aspects
-- Congresses.
9 (RLIN) 42925
650 #0 - SUBJECT ADDED ENTRY--TOPICAL TERM
Topical term or geographic name as entry element Community development
General subdivision Congresses.
9 (RLIN) 48490
700 1# - ADDED ENTRY--PERSONAL NAME
Personal name Pitt, David C.
9 (RLIN) 48491
711 2# - ADDED ENTRY--MEETING NAME
Meeting name or jurisdiction name as entry element International Congress of Anthropological and Ethnological Sciences,
Number (BK CF MP MU SE VM MX) [OBSOLETE] 9th,
Location of meeting Chicago,
Date of meeting 1973.
9 (RLIN) 48492
906 ## - LOCAL DATA ELEMENT F, LDF (RLIN)
a 7
b cbc
c orignew
d 3
e ncip
f 19
g y-gencatlg
942 ## - ADDED ENTRY ELEMENTS (KOHA)
Source of classification or shelving scheme Library of Congress Classification
Koha item type Monograph ( Printed materials)
Holdings
Withdrawn status Lost status Source of classification or shelving scheme Damaged status Not for loan Collection code Home library Current library Shelving location Date acquired Total Checkouts Full call number Barcode Date last seen Price effective from Koha item type
    Library of Congress Classification     Main Collection ARRUPE LIBRARY ARRUPE LIBRARY Main Collection 12/11/2019   GN397.5 .D48 46600005991 12/11/2019 12/11/2019 Monograph ( Printed materials)

 

Arrupe Library. PO Box MP320 Mt Pleasant, Harare, Zimbabwe
263 242 745411|librarian@aju.ac.zw